| 000 | 00551nam a2200181 a 4500 | ||
|---|---|---|---|
| 001 | 000040527 | ||
| 003 | DO-SdBNP | ||
| 005 | 20220602123847.0 | ||
| 008 | 130830s2002 dr ac 000 0 spa d | ||
| 020 | _a9993455210 | ||
| 040 |
_aDO-SdBNP _bspa _cBNPHU |
||
| 100 |
_aGuerrero, Miguel, _d1945- _914303 |
||
| 245 | 1 | 3 |
_aEl mundo que quedó atrás / _cMiguel Guerrero. |
| 260 |
_aSanto Domingo : _bCorripio, _c2002. |
||
| 300 |
_a306 p. ; _c23 cm. |
||
| 500 | _aIncluye datos biográficos del autor en la solapa de la contracubierta | ||
| 942 |
_2ddc _cLBS1 |
||
| 999 |
_c40017 _d40017 |
||